| 000 | 00788nam a2200217 a 4500 | ||
|---|---|---|---|
| 001 | 000011424 | ||
| 005 | 20200929162440.0 | ||
| 008 | 091016s1969 ve 001 0 spa d | ||
| 040 |
_aDO-SdBNP _bspa _cBNPHU |
||
| 082 |
_a907.20947 _bA456h |
||
| 100 | 1 |
_aAlperovich, M. S. _q(Moisei Samuilovich) _927095 |
|
| 245 | 1 | 0 |
_aHistoriografía soviética latinoamericanista / _cM. S. Alperovich. |
| 260 |
_aCaracas, (Venezuela) : _bUniversidad Central de Venezuela, _c1969. |
||
| 300 |
_a65 p. ; _c22 cm. |
||
| 490 | 1 |
_aPublicaciones de la Escuela de Historia _aVaria, _v7 |
|
| 650 | 4 |
_aHistoriografía _913064 |
|
| 650 | 4 |
_aHistoriografía _xHistoria _927096 |
|
| 651 | 4 |
_aAmérica Latina _xHistoria _91786 |
|
| 830 | 0 |
_aPublicaciones de la Escuela de Historia : _pVaria, _v7 _927097 |
|
| 049 | _aBNGR | ||
| 999 |
_c11127 _d11127 |
||